000 00489nam a22001817a 4500
003 UA-OsUOA
001 9244
007 ta
008 20041026b un ||||| |||| 00| 0 ukr d
100 _aТаран Людмила
942 _cSA
040 _aUA-OsUOA
_cUA-OsUOA
_dUA-OsUOA
245 _aПросто історії : [ Вірші ]
300 _aС.6-10
955 _a0
773 0 _w0
_tСучасність
_dКиїв
_d2004
_g№10
650 7 _aХудожня література
_2UDC
999 _c295405
_d295405